| 000 | 00411nam a2200145Ia 4500 | ||
|---|---|---|---|
| 008 | 230917s9999||||xx |||||||||||||| ||und|| | ||
| 040 |
_e3899 _aMAIN |
||
| 041 | _aEnglish | ||
| 082 | _a320.947 S52P | ||
| 100 | _aSkvirsky, David, tr. | ||
| 245 | 0 | _aProblems of the communist movement: Some questions of the theory and method | |
| 260 |
_aMoscow _bProgress Publishers _c1975 |
||
| 300 | _a343 p. | ||
| 942 | _cBK | ||
| 999 |
_c175546 _d175546 |
||